Cities with the Most Historic Sites of Interest - Statistics

General Stats
  • This quiz has been taken 41 times
  • The average score is 38 of 53
Answer Stats
# Continent Example Site City % Correct
4 Europe La Sagrada Familia Barcelona
100%
6 Europe Brandenburg Gate Berlin
100%
26 Europe Buckingham Palace London
100%
11 Europe Palaco Real de Aranjuez Madrid
100%
18 Europe Arc de Triomphe Paris
100%
5 Asia Forbidden City Beijing
97%
15 Europe Pantheon Rome
97%
7 Europe Theater of Dionysus Athens
94%
3 Europe Teatro alla Scala Milan
94%
6 Europe Saint Basil's Cathedral Moscow
94%
9 North America Empire State Building New York
94%
4 South America Statue of Christ the Redeemer Rio de Janeiro
94%
4 Europe Rembrandt House Museum Amsterdam
91%
6 Europe Blue Mosque Istanbul
91%
6 North America Templo Mayor Mexico City
91%
4 Oceania Hyde Park Barracks Sydney
91%
7 Europe Rialto Bridge Venice
91%
9 Europe Ponte Vecchio Florence
88%
4 North America Alcatraz Prison San Francisco
88%
7 Europe Schonbrunn Palace Vienna
88%
7 North America Lincoln Memorial Washington
88%
8 Africa Ibn Tulun Mosque Cairo
82%
10 Europe Mariinsky Theater Saint Petersburg
82%
3 Oceania Polly Woodside Melbourne
79%
4 Asia Taj Mahal Agra
76%
5 Africa Robben Island Cape Town
76%
9 Asia Western Wall Jerusalem
76%
4 North America TCL Chinese Theater Los Angeles
76%
5 South America La Recoleta Cemetary Buenos Aires
74%
3 Asia Red Fort Delhi
74%
3 Europe Teatro di San Carlo Naples
74%
3 Europe Hofbrauhaus Munich
71%
4 Europe Karluv Most Prague
68%
8 Europe Kilmainham Jail Dublin
65%
3 Europe Jeronimos Monastery Lisbon
65%
3 Europe Palace of Holyroodhouse Edinburgh
62%
4 Europe Alhambra Granada
62%
5 Asia Kinkaku-ji Kyoto
62%
5 Europe Alcazar Seville
62%
3 Europe Wawel Cathedral Krakow
59%
3 Europe La Lonja de la Seda Valencia
59%
3 Europe Akershus Fortress Oslo
53%
3 Europe Drottingholm Stockholm
53%
3 Oceania Colonial Cottage Wellington
47%
3 Europe Kalemegdan Fortress Belgrade
41%
3 North America Castillo de la Real Fuerza Havana
35%
3 Africa Paul Kruger's House Pretoria
35%
3 Europe Tomb of Saint Anthony Padua
24%
4 Europe Torre dei Lamberti Verona
24%
3 Europe Albrecht Durer's House Nuremburg
21%
3 Asia Murabba Palace Riyadh
21%
3 Europe Sinagoga del Transito Toledo
21%
3 North America La Valenciana Silver Mine Guanajuanto City
3%
No matching quizzes found
Score Distribution
Percent of People with Each Score
Percentile by Number Answered
Your Score History
You have not taken this quiz